She goes to war: (Record no. 155182)

MARC details
000 -LEADER
fixed length control field 00593nam a22001937a 4500
005 - DATE AND TIME OF LATEST TRANSACTION
control field 20180731112857.0
010 ## - LCCN (DPL NO)
LC control number ENG-123630
020 ## - INTERNATIONAL STANDARD BOOK NUMBER
Terms of availability 499.00
International Standard Book Number 9789387693449
035 ## - SYSTEM CONTROL NUMBER
System control number EN-107162
037 ## - SOURCE OF ACQUISITION
Source of stock number/acquisition DBAD/PUB.
082 ## - DEWEY DECIMAL CLASSIFICATION NUMBER
Classification number 355.0218082
100 ## - MAIN ENTRY--PERSONAL NAME
Personal name Saksena, Rashmi
245 ## - TITLE STATEMENT
Title She goes to war:
Statement of responsibility, etc by Rashmi Saksena,
Remainder of title women militants of india /
260 ## - PUBLICATION, DISTRIBUTION, ETC. (IMPRINT)
Place of publication, distribution, etc New Delhi
Name of publisher, distributor, etc Speaking Tiger
Date of publication, distribution, etc 2018
270 ## - ADDRESS
Address 4381/4, Ansari Road, Daryaganj
City New Delhi
Postal code 110002
300 ## - PHYSICAL DESCRIPTION
Extent 205p.
Other physical details 21cm(Hb)
500 ## - GENERAL NOTE
General note It includes acknowledge
942 ## - ADDED ENTRY ELEMENTS (KOHA)
Source of classification or shelving scheme Dewey Decimal Classification
Item type English Books
Classification part 355.0218082
Call number suffix SAK
Holdings
Withdrawn status Lost status Not for loan Collection code Home library Current library Date acquired Source of acquisition Cost, normal purchase price Full call number Barcode Copy number Cost, replacement price Koha item type
    Not For Loan Non-fiction D.B.Act.Division Sarojini Nagar 31/07/2018 DBAD/PUB 499.00 355.0218082 SAK EN-107162 1 499.00 English Books

© Delhi Public Library
Hit Counter
free hit counter